<?xml version="1.0" encoding="UTF-8"?><?xml-stylesheet type="text/xsl" href="static/style.xsl"?><OAI-PMH xmlns="http://www.openarchives.org/OAI/2.0/" xmlns:xsi="http://www.w3.org/2001/XMLSchema-instance" xsi:schemaLocation="http://www.openarchives.org/OAI/2.0/ http://www.openarchives.org/OAI/2.0/OAI-PMH.xsd"><responseDate>2026-04-14T07:05:18Z</responseDate><request verb="GetRecord" identifier="oai:www.recercat.cat:10459.1/57605" metadataPrefix="marc">https://recercat.cat/oai/request</request><GetRecord><record><header><identifier>oai:recercat.cat:10459.1/57605</identifier><datestamp>2024-12-05T23:10:12Z</datestamp><setSpec>com_2072_3622</setSpec><setSpec>col_2072_478537</setSpec></header><metadata><record xmlns="http://www.loc.gov/MARC21/slim" xmlns:dcterms="http://purl.org/dc/terms/" xmlns:xsi="http://www.w3.org/2001/XMLSchema-instance" xmlns:doc="http://www.lyncode.com/xoai" xsi:schemaLocation="http://www.loc.gov/MARC21/slim http://www.loc.gov/standards/marcxml/schema/MARC21slim.xsd">
   <leader>00925njm 22002777a 4500</leader>
   <datafield ind2=" " ind1=" " tag="042">
      <subfield code="a">dc</subfield>
   </datafield>
   <datafield ind2=" " ind1=" " tag="720">
      <subfield code="a">Martínez Miguel, Eva</subfield>
      <subfield code="e">author</subfield>
   </datafield>
   <datafield ind2=" " ind1=" " tag="260">
      <subfield code="c">2016-07-13T09:20:34Z</subfield>
   </datafield>
   <datafield ind2=" " ind1=" " tag="260">
      <subfield code="c">2016-07-13T09:20:34Z</subfield>
   </datafield>
   <datafield ind2=" " ind1=" " tag="260">
      <subfield code="c">2016-05-13</subfield>
   </datafield>
   <datafield ind2=" " ind1=" " tag="520">
      <subfield code="a">En la actualidad, las muertes perinatales siguen siendo un tema tabú y un problema de &#xd;
salud pública para los padres que las sufren. Tras la pérdida, entran en una etapa de &#xd;
duelo, un momento de sus vidas con alto contenido emocional en el que los profesionales sanitarios juegan un papel muy importante. En algunas ocasiones los &#xd;
cuidados hacia estos padres son inadecuados o incompletos poniendo en peligro su &#xd;
salud y pudiendo éstos, desarrollar un duelo patológico. &#xd;
Teniendo en cuenta que unos cuidados adecuados desde el primer momento de la &#xd;
pérdida pueden llegar a evitar consecuencias negativas para estos padres, en el &#xd;
presente trabajo se propone una estrategia de mejora y prevención mediante &#xd;
formación y nuevos recursos. &#xd;
Se pretende diseñar una intervención que tiene como objetivo principal reducir el &#xd;
número de padres que presentan duelo patológico después de sufrir una pérdida &#xd;
perinatal en el Hospital Universitario Arnau de Vilanova. El programa consiste en &#xd;
facilitar información a los profesionales sanitarios sobre los recursos disponibles en el &#xd;
ámbito hospitalario durante los primeros cuidados de estos padres, ofrecerlos a las &#xd;
familias y realizar un seguimiento de éstos en el ámbito de atención primaria a los tres &#xd;
meses de haber tenido la pérdida.</subfield>
   </datafield>
   <datafield ind1="8" ind2=" " tag="024">
      <subfield code="a">http://hdl.handle.net/10459.1/57605</subfield>
   </datafield>
   <datafield tag="653" ind2=" " ind1=" ">
      <subfield code="a">Duelo</subfield>
   </datafield>
   <datafield tag="653" ind2=" " ind1=" ">
      <subfield code="a">Pérdida</subfield>
   </datafield>
   <datafield tag="653" ind2=" " ind1=" ">
      <subfield code="a">Muerte perinatal</subfield>
   </datafield>
   <datafield tag="653" ind2=" " ind1=" ">
      <subfield code="a">Dol</subfield>
   </datafield>
   <datafield tag="653" ind2=" " ind1=" ">
      <subfield code="a">Fetus -- Mort</subfield>
   </datafield>
   <datafield ind2="0" ind1="0" tag="245">
      <subfield code="a">Propuesta de un programa de apoyo y seguimiento para padres en proceso de duelo perinatal</subfield>
   </datafield>
</record></metadata></record></GetRecord></OAI-PMH>